| 000 | 00670cam a2200229 4500 | ||
|---|---|---|---|
| 008 | 000000n2000 000 0 eng u | ||
| 020 | _a1860813798 | ||
| 035 | _a(Sirsi) u105366 | ||
| 041 | _aENG | ||
| 050 | _a690.0285 | ||
| 110 |
_aBuilding Centre Trust _93162 |
||
| 245 | _aConverting from traditional draughting to 3D CAD : MacKellar Schwerdt. | ||
| 260 |
_aLondon _bCRC Ltd _c2000 |
||
| 300 | _a8p. ; 30cm. | ||
| 490 |
_aIT Case Study _v9 |
||
| 650 | _aSMALL FIRMS | ||
| 650 | _aDESIGN PRACTICES | ||
| 650 | _aCAD SOFTWARE | ||
| 690 | _aMANAGEMENT-BUSINESS MANAGEMENT-INFORMATION MANAGEMENT | ||
| 710 | _aBuilding Research Establishment | ||
| 942 | _n0 | ||
| 999 |
_c100373 _d100373 |
||